<?xml version="1.0" encoding="UTF-8"?>
<record
    xmlns:xsi="http://www.w3.org/2001/XMLSchema-instance"
    xsi:schemaLocation="http://www.loc.gov/MARC21/slim http://www.loc.gov/standards/marcxml/schema/MARC21slim.xsd"
    xmlns="http://www.loc.gov/MARC21/slim">

  <leader>01920nam a22002897a 4500</leader>
  <controlfield tag="003">DO-SdBNP</controlfield>
  <controlfield tag="005">20230306091823.0</controlfield>
  <controlfield tag="007">ta</controlfield>
  <controlfield tag="008">201203b 2001 dr 00| 0 spa d</controlfield>
  <datafield tag="020" ind1=" " ind2=" ">
    <subfield code="a">9993420085</subfield>
  </datafield>
  <datafield tag="040" ind1=" " ind2=" ">
    <subfield code="a">DO-SdBNP</subfield>
    <subfield code="b">spa</subfield>
    <subfield code="c">BPMSU</subfield>
  </datafield>
  <datafield tag="082" ind1=" " ind2="4">
    <subfield code="a">RD863.08</subfield>
    <subfield code="b">C744o 2001</subfield>
    <subfield code="2">22</subfield>
  </datafield>
  <datafield tag="111" ind1="2" ind2=" ">
    <subfield code="a">Concurso Literarario &#xA8;por Nuestro Pa&#xED;s Primero&#xA8;</subfield>
    <subfield code="d">(2001:</subfield>
    <subfield code="c">Puerto Plata, Rep&#xFA;blica Dominicana)</subfield>
  </datafield>
  <datafield tag="245" ind1="1" ind2="0">
    <subfield code="a">Otros cuentos puertoplate&#xF1;os :</subfield>
    <subfield code="b">(antolog&#xED;a) /</subfield>
    <subfield code="c">presentaci&#xF3;n Lilian Russo de Cueto ; pr&#xF3;logo Di&#xF3;genes Valdez.</subfield>
  </datafield>
  <datafield tag="260" ind1=" " ind2=" ">
    <subfield code="a">Santo Domingo :</subfield>
    <subfield code="b">Ediciones Renovaci&#xF3;n,</subfield>
    <subfield code="c">2001</subfield>
  </datafield>
  <datafield tag="300" ind1=" " ind2=" ">
    <subfield code="a">125 p. ;</subfield>
    <subfield code="c">22 cm.</subfield>
  </datafield>
  <datafield tag="490" ind1="0" ind2=" ">
    <subfield code="a">"Por nuestro pa&#xED;s primero."</subfield>
  </datafield>
  <datafield tag="505" ind1="0" ind2=" ">
    <subfield code="t">El compromiso de la firma Brugal &amp; Co C. por A. /</subfield>
    <subfield code="r">Osvaldo Brugal Limardo --</subfield>
    <subfield code="g">Presentaci&#xF3;n /</subfield>
    <subfield code="r">Lilian Russo de Cueto --</subfield>
    <subfield code="t">Pr&#xF3;logo /</subfield>
    <subfield code="r">Di&#xF3;genes Valdez --</subfield>
    <subfield code="t">El sue&#xF1;o del General /</subfield>
    <subfield code="r">Franklin &#xC1;lvarez --</subfield>
    <subfield code="t">La venganza de Margarita Moreno/</subfield>
    <subfield code="r">Franklin &#xC1;lvarez --</subfield>
    <subfield code="t">Una noche cualquiera de un s&#xE1;bado de diciembre /</subfield>
    <subfield code="r">Franklin &#xC1;lvarez --</subfield>
    <subfield code="t">Encuentro /</subfield>
    <subfield code="r">Wady Musa --</subfield>
    <subfield code="t">"T&#xF3;melo usted" /</subfield>
    <subfield code="r">Nelson Mercedes Sandoval --</subfield>
    <subfield code="t">&#xDA;ltima visi&#xF3;n de la t&#xED;a Antonia /</subfield>
    <subfield code="r">Silvio O. Jerez --</subfield>
    <subfield code="t">El h&#xE9;roe ausente /</subfield>
    <subfield code="r">Aglae Echavarr&#xED;a --</subfield>
    <subfield code="t">Brevedad /</subfield>
    <subfield code="r">Johana Goede --</subfield>
    <subfield code="t">La estrategia del General /</subfield>
    <subfield code="r">Luis Lorenzo Marmolejos --</subfield>
    <subfield code="t">El abuelo /</subfield>
    <subfield code="r">Andr&#xE9;s Ulloa --</subfield>
    <subfield code="t">Las doce menos cuarto /</subfield>
    <subfield code="r">Luis Lorenzo Marmolejos --</subfield>
    <subfield code="t">La mejor /</subfield>
    <subfield code="r">Dennis Alexander Ripoll Cid --</subfield>
    <subfield code="t">La dignidad /</subfield>
    <subfield code="r">Ram&#xF3;n Pe&#xF1;a --</subfield>
    <subfield code="t">Celos /</subfield>
    <subfield code="r">Aglae Echavarr&#xED;a --</subfield>
    <subfield code="t">Un amargo recuerdo /</subfield>
    <subfield code="r">Aglae Echavarr&#xED;a --</subfield>
    <subfield code="t">Pasi&#xF3;n in&#xFA;til /</subfield>
    <subfield code="r">Dennis Alexander Ripol Cid.</subfield>
  </datafield>
  <datafield tag="590" ind1=" " ind2=" ">
    <subfield code="a">Inventariado, 2021/VM</subfield>
  </datafield>
  <datafield tag="650" ind1="1" ind2="4">
    <subfield code="a">Cuentos dominicanos</subfield>
    <subfield code="v">Colecciones </subfield>
  </datafield>
  <datafield tag="650" ind1=" " ind2="4">
    <subfield code="a">Cert&#xE1;menes literarios</subfield>
  </datafield>
  <datafield tag="650" ind1=" " ind2="4">
    <subfield code="a">Literatura dominicana </subfield>
  </datafield>
  <datafield tag="700" ind1="1" ind2=" ">
    <subfield code="a">Valdez, Di&#xF3;genes,</subfield>
    <subfield code="d">1941-,</subfield>
    <subfield code="e">pr&#xF3;logo </subfield>
  </datafield>
  <datafield tag="710" ind1="2" ind2=" ">
    <subfield code="a">Sociedad Cultural Renovaci&#xF3;n, (Puerto Plata, Rep&#xFA;blica Dominicana)</subfield>
  </datafield>
  <datafield tag="910" ind1=" " ind2=" ">
    <subfield code="a">VMateo V. Control de calidad (BPMSU)</subfield>
  </datafield>
  <datafield tag="942" ind1=" " ind2=" ">
    <subfield code="2">ddc</subfield>
    <subfield code="c">BK</subfield>
  </datafield>
  <datafield tag="952" ind1=" " ind2=" ">
    <subfield code="0">0</subfield>
    <subfield code="1">0</subfield>
    <subfield code="2">ddc</subfield>
    <subfield code="4">0</subfield>
    <subfield code="7">0</subfield>
    <subfield code="8">CD</subfield>
    <subfield code="a">BPMET</subfield>
    <subfield code="b">BPMET</subfield>
    <subfield code="d">2021-10-12</subfield>
    <subfield code="o">BPMSU CD RD863.08  C744o 2001</subfield>
    <subfield code="p">BPMSU21100081</subfield>
    <subfield code="r">2021-10-12</subfield>
    <subfield code="w">2021-10-12</subfield>
    <subfield code="y">BK</subfield>
  </datafield>
  <datafield tag="999" ind1=" " ind2=" ">
    <subfield code="c">13785</subfield>
    <subfield code="d">13785</subfield>
  </datafield>
</record>
